000 00706nam a2200265Ia 4500
005 20260302114523.0
008 008 260114s9999 xx 000 0 eng d
020 _a9798881813109
037 _aTextbook
040 _aCRL
040 _beng
040 _cCRL
041 _2eng
041 _aeng
084 _qCRL
100 _aMichael O'Neill Burns
_91119005
245 0 _aKierkegaard and the Matter of Philosophy A Fractured Dialectic
260 _bBloomsbury
260 _bRowman & Littlefield
260 _c2015
650 _aPhilosophy
856 _uhttps://doi.org/10.5040/9798881813109?locatt=label:secondary_bloomsburyCollections
942 _cEBOOK
999 _c1682854
_d1682854